[Event "GBR-ch71"]
[Site "Brighton"]
[Date "1984.08.03"]
[Round "5"]
[White "Clarke, Thomas M"]
[Black "Dawson, Craig R"]
[Result "0-1"]
[WhiteElo "2080"]
[BlackElo "2300"]
[PlyCount "54"]
[EventDate "1984.07.30"]
[EventType "swiss"]
[EventRounds "11"]
[EventCountry "GBR"]
[SourceTitle "BritBase"]
[Source "John Saunders"]
[SourceDate "2020.09.07"]
[SourceVersion "1"]
[SourceVersionDate "2020.09.07"]
[SourceQuality "2"]

1. e4 e5 2. Nf3 Nc6 3. Bb5 a6 4. Ba4 d6 5. O-O Bg4 6. c3 Qf6 7. d3 Nge7 8. Nbd2
Ng6 9. Bxc6+ bxc6 10. Qa4 Bd7 11. Nc4 Nf4 12. Bxf4 Qxf4 13. d4 f6 14. dxe5 fxe5
15. Nfd2 Be7 16. g3 Qh6 17. Qa5 O-O 18. Qxc7 Rad8 19. Rad1 Rf7 20. Nb3 Bh3 21.
Qxc6 Qh5 22. Ne3 Rdf8 23. Qxa6 Bg5 24. Qc4 Kh8 25. Nd2 Rxf2 26. Qd3 Bxe3 27.
Qxe3 Rxf1+ 0-1

[Event "GBR-ch71"]
[Site "Brighton"]
[Date "1984.08.03"]
[Round "5"]
[White "Conquest, Stuart"]
[Black "Martin, Andrew D"]
[Result "1/2-1/2"]
[WhiteElo "2300"]
[BlackElo "2445"]
[PlyCount "82"]
[EventDate "1984.07.30"]
[EventType "swiss"]
[EventRounds "11"]
[EventCountry "GBR"]
[SourceTitle "BritBase"]
[Source "John Saunders"]
[SourceDate "2020.09.07"]
[SourceVersion "1"]
[SourceVersionDate "2020.09.07"]
[SourceQuality "2"]

1. d4 d5 2. Nf3 Nf6 3. c4 c6 4. e3 g6 5. Nc3 Bg7 6. Bd3 O-O 7. O-O Bg4 8. h3
Bxf3 9. Qxf3 e6 10. Rd1 Nbd7 11. b3 Qe7 12. a4 Rfd8 13. Ba3 Qe8 14. a5 Rac8 15.
cxd5 exd5 16. a6 b6 17. Bd6 Qe6 18. Bh2 Re8 19. Qe2 Bf8 20. Qb2 Bd6 21. Bxd6
Qxd6 22. Qa3 Qb8 23. Rac1 Nf8 24. Rc2 Ne6 25. Rdc1 c5 26. dxc5 Nxc5 27. Bb5
Red8 28. Ne2 Nfe4 29. b4 Ne6 30. Rxc8 Rxc8 31. Bd7 Rc4 32. Rxc4 dxc4 33. Bxe6
fxe6 34. f3 Nd6 35. Qc3 Qc8 36. h4 Nf7 37. Qf6 e5 38. Nc3 Qd7 39. Kh2 Qd3 40.
Ne4 Qxe3 41. Qe7 Qf4+ 1/2-1/2

[Event "GBR-ch71"]
[Site "Brighton"]
[Date "1984.08.03"]
[Round "5"]
[White "Flear, Glenn C"]
[Black "Lawton, Geoffrey W"]
[Result "1/2-1/2"]
[WhiteElo "2455"]
[BlackElo "2385"]
[PlyCount "112"]
[EventDate "1984.07.30"]
[EventType "swiss"]
[EventRounds "11"]
[EventCountry "GBR"]
[SourceTitle "BritBase"]
[Source "John Saunders"]
[SourceDate "2020.09.07"]
[SourceVersion "1"]
[SourceVersionDate "2020.09.07"]
[SourceQuality "2"]

1. d4 Nf6 2. c4 e6 3. Nc3 c5 4. d5 exd5 5. cxd5 d6 6. e4 g6 7. f4 Bg7 8. Bb5+
Nfd7 9. a4 O-O 10. Nf3 Na6 11. O-O Nc7 12. Bd3 Re8 13. Nd2 Nf6 14. Be2 b6 15.
Re1 Rb8 16. Bf3 Ba6 17. Ndb1 Nd7 18. Na3 f5 19. exf5 Bd4+ 20. Kh1 Rxe1+ 21.
Qxe1 gxf5 22. Nab5 Nf8 23. Nxd4 cxd4 24. Nb5 Bxb5 25. axb5 Rb7 26. Qb4 Qd7 27.
Bd2 Nxb5 28. Be2 Nc7 29. Qxd4 Qg7 30. Qd3 Qf7 31. Bc3 Ne8 32. Rg1 Ng6 33. Qd4
Re7 34. Bd3 Ng7 35. h3 h5 36. g3 Nf8 37. Rg2 Nd7 38. b4 a5 39. Qxg7+ Qxg7 40.
Bxg7 Kxg7 41. bxa5 bxa5 42. Bxf5 Nc5 43. g4 h4 44. Be6 Nxe6 45. dxe6 Rxe6 46.
Ra2 Re4 47. Rxa5 Rxf4 48. Rh5 Rd4 49. Rxh4 Rd5 50. Kg2 Ra5 51. Kf3 Rb5 52. Kf4
Rb4+ 53. Kf5 Rb5+ 54. Ke6 Ra5 55. Kxd6 Rb5 56. Ke6 Ra5 {(An amusing position.
White has only one R move (Rh5) after which Black exchanges and plays Kh6 with
a drawn ending. 57.g5 and Black simply plays Rxg5 with a totally drawn
position. Lastly the white K cannot escape from its incarceration; if it goes
to b6, Black plays Rg5)} 1/2-1/2

[Event "GBR-ch71"]
[Site "Brighton"]
[Date "1984.08.03"]
[Round "5"]
[White "Garwell, Jane"]
[Black "Howell, James C"]
[Result "0-1"]
[WhiteElo "2100"]
[BlackElo "2340"]
[PlyCount "85"]
[EventDate "1984.07.30"]
[EventType "swiss"]
[EventRounds "11"]
[EventCountry "GBR"]
[SourceTitle "BritBase"]
[Source "John Saunders"]
[SourceDate "2020.09.07"]
[SourceVersion "1"]
[SourceVersionDate "2020.09.07"]
[SourceQuality "2"]

1. d4 d5 2. Nc3 Bf5 3. f3 Bg6 4. e4 dxe4 5. fxe4 e5 6. Nf3 exd4 7. Qxd4 Qxd4 8.
Nxd4 c6 9. Bf4 Nd7 10. O-O-O Ngf6 11. e5 Nh5 12. Bg5 Nxe5 13. Ndb5 Be7 14. Nc7+
Kf8 15. Bxe7+ Kxe7 16. Nxa8 Rxa8 17. Re1 Kd6 18. g3 Nf6 19. Bg2 Nfd7 20. Rd1+
Kc7 21. Bh3 f6 22. Rhe1 Bh5 23. g4 Bg6 24. Re3 Re8 25. Rde1 h6 26. Bg2 Nc5 27.
h3 Ne6 28. Be4 Bf7 29. Kb1 Nf4 30. Bf5 Ng2 31. R3e2 Nxe1 32. Rxe1 Rd8 33. Kc1
Re8 34. Rd1 h5 35. Ne4 hxg4 36. hxg4 Bd5 37. Nc5 g6 38. Be4 Bxe4 39. Nxe4 Nxg4
40. Nc5 Re7 41. Nd3 f5 42. Rh1 Ne5 43. Ne1 0-1

[Event "GBR-ch71"]
[Site "Brighton"]
[Date "1984.08.03"]
[Round "5"]
[White "Giulian, Philip Maurice"]
[Black "Murshed, Niaz"]
[Result "0-1"]
[WhiteElo "2230"]
[BlackElo "2405"]
[PlyCount "73"]
[EventDate "1984.07.30"]
[EventType "swiss"]
[EventRounds "11"]
[EventCountry "GBR"]
[SourceTitle "BritBase"]
[Source "John Saunders"]
[SourceDate "2020.09.07"]
[SourceVersion "1"]
[SourceVersionDate "2020.09.07"]
[SourceQuality "2"]

1. d4 Nf6 2. c4 e6 3. Nc3 Bb4 4. e3 c5 5. Nge2 cxd4 6. exd4 O-O 7. a3 Be7 8. d5
exd5 9. cxd5 Re8 10. d6 Bf8 11. g3 Re6 12. Bg2 Rxd6 13. Qc2 Nc6 14. O-O Re6 15.
b4 d6 16. b5 Na5 17. Nf4 Re5 18. Be3 Bf5 19. Qd1 Bg4 20. Qc2 Rc8 21. Bd4 Rc4
22. Bxe5 dxe5 23. Nfe2 Bxe2 24. Qxe2 Rxc3 25. Qxe5 Rc5 26. Qe2 Qc7 27. a4 Rc2
28. Qd3 g6 29. Rad1 Ng4 30. Rd2 Rc3 31. Qd5 Nf6 32. Qd8 Qxd8 33. Rxd8 Kg7 34.
h3 Bc5 35. Kh2 Rc2 36. Kg1 Ra2 37. Rb8 0-1

[Event "GBR-ch71"]
[Site "Brighton"]
[Date "1984.08.03"]
[Round "5"]
[White "Granat, Russell"]
[Black "Davies, Nigel Rodney"]
[Result "0-1"]
[WhiteElo "2265"]
[BlackElo "2340"]
[PlyCount "48"]
[EventDate "1984.07.30"]
[EventType "swiss"]
[EventRounds "11"]
[EventCountry "GBR"]
[SourceTitle "BritBase"]
[Source "John Saunders"]
[SourceDate "2020.09.07"]
[SourceVersion "1"]
[SourceVersionDate "2020.09.07"]
[SourceQuality "2"]

1. e4 c5 2. Nf3 Nc6 3. c3 e6 4. d4 d5 5. exd5 exd5 6. dxc5 Bxc5 7. b4 Bb6 8. a4
a5 9. b5 Nce7 10. Bd3 Nf6 11. O-O O-O 12. Bg5 Ng6 13. Bxf6 Qxf6 14. Bxg6 hxg6
15. Qxd5 Rd8 16. Qe5 Qxe5 17. Nxe5 Be6 18. Na3 Rac8 19. Rac1 Rd2 20. Nb1 Re2
21. Nf3 Ra2 22. Nd4 Bxd4 23. cxd4 Rxc1 24. Rxc1 Ra1 0-1

[Event "GBR-ch71"]
[Site "Brighton"]
[Date "1984.08.03"]
[Round "5"]
[White "Hawksworth, John C"]
[Black "Buchanan, Walter F"]
[Result "1-0"]
[WhiteElo "2340"]
[BlackElo "2160"]
[PlyCount "53"]
[EventDate "1984.07.30"]
[EventType "swiss"]
[EventRounds "11"]
[EventCountry "GBR"]
[SourceTitle "BritBase"]
[Source "John Saunders"]
[SourceDate "2020.09.07"]
[SourceVersion "1"]
[SourceVersionDate "2020.09.07"]
[SourceQuality "2"]

1. d4 Nf6 2. c4 e6 3. Nf3 Bb4+ 4. Bd2 Bxd2+ 5. Qxd2 d6 6. Nc3 O-O 7. g3 Qe7 8.
Bg2 e5 9. O-O Bg4 10. dxe5 dxe5 11. Nxe5 Qxe5 12. Bxb7 Nbd7 13. Bxa8 Rxa8 14.
Rfd1 Re8 15. f3 Be6 16. Qd4 Qxd4+ 17. Rxd4 c5 18. Rd6 Bxc4 19. b3 Re3 20. Rc1
Bxe2 21. Rc2 Rxc3 22. Rxc3 Bb5 23. a4 Ne8 24. axb5 Nxd6 25. Rd3 Nxb5 26. Rxd7
Kf8 27. Rd5 1-0

[Event "GBR-ch71"]
[Site "Brighton"]
[Date "1984.08.03"]
[Round "5"]
[White "Hawthorne, John P"]
[Black "Hartston, William Roland"]
[Result "1/2-1/2"]
[WhiteElo "2150"]
[BlackElo "2440"]
[PlyCount "74"]
[EventDate "1984.07.30"]
[EventType "swiss"]
[EventRounds "11"]
[EventCountry "GBR"]
[SourceTitle "BritBase"]
[Source "John Saunders"]
[SourceDate "2020.09.07"]
[SourceVersion "1"]
[SourceVersionDate "2020.09.07"]
[SourceQuality "2"]

1. d4 d5 2. Nf3 Nf6 3. Bf4 e6 4. e3 Bd6 5. Bxd6 Qxd6 6. Nbd2 Nbd7 7. Be2 e5 8.
dxe5 Nxe5 9. Nxe5 Qxe5 10. c3 O-O 11. O-O a5 12. Nf3 Qe7 13. Qd4 c5 14. Qf4 Bg4
15. h3 Bh5 16. Rfe1 Rfd8 17. Rad1 a4 18. a3 Qd6 19. Qxd6 Rxd6 20. Ne5 Bxe2 21.
Rxe2 Re8 22. Nf3 Red8 23. Rc2 Ne4 24. Kf1 Kf8 25. Ke2 Ke7 26. Nd2 Ke6 27. Nxe4
dxe4 28. Rxd6+ Rxd6 29. c4 h5 30. Rd2 g5 31. Rxd6+ Kxd6 32. g3 Ke5 33. Kf1 Ke6
34. Ke2 Kf5 35. Kf1 Ke6 36. Ke2 Kd7 37. Ke1 Ke6 1/2-1/2

[Event "GBR-ch71"]
[Site "Brighton"]
[Date "1984.08.03"]
[Round "5"]
[White "Hebden, Mark L"]
[Black "Strauss, David J"]
[Result "1-0"]
[WhiteElo "2480"]
[BlackElo "2425"]
[PlyCount "81"]
[EventDate "1984.07.30"]
[EventType "swiss"]
[EventRounds "11"]
[EventCountry "GBR"]
[SourceTitle "BritBase"]
[Source "John Saunders"]
[SourceDate "2020.09.07"]
[SourceVersion "1"]
[SourceVersionDate "2020.09.07"]
[SourceQuality "2"]

1. e4 c5 2. f4 g6 3. Nf3 Bg7 4. d3 Nc6 5. c3 d5 6. e5 f6 7. d4 cxd4 8. cxd4 Bg4
9. Be2 e6 10. Be3 Nge7 11. Nh4 Bxe2 12. Qxe2 fxe5 13. fxe5 O-O 14. Nc3 Nf5 15.
Nxf5 Rxf5 16. O-O-O Qh4 17. g3 Qe7 18. h4 Qb4 19. h5 gxh5 20. Rxh5 Raf8 21. Rh4
Qc4 22. Qxc4 dxc4 23. Bh6 Nb4 24. Rg4 R8f7 25. Ne4 Kh8 26. Bxg7+ Rxg7 27. Rxg7
Kxg7 28. Nc5 Kf7 29. a3 Nd3+ 30. Nxd3 cxd3 31. Rxd3 Ke7 32. g4 Rf4 33. Rh3 Kd7
34. Rxh7+ Kc6 35. Re7 Rxd4 36. Rxe6+ Kc7 37. g5 Rg4 38. g6 a6 39. Kd2 Kd7 40.
Rd6+ Kc7 41. Ke3 1-0

[Event "GBR-ch71"]
[Site "Brighton"]
[Date "1984.08.03"]
[Round "5"]
[White "James, Stephen C"]
[Black "Dunnington, Angus J"]
[Result "0-1"]
[WhiteElo "2140"]
[BlackElo "2325"]
[PlyCount "134"]
[EventDate "1984.07.30"]
[EventType "swiss"]
[EventRounds "11"]
[EventCountry "GBR"]
[SourceTitle "BritBase"]
[Source "John Saunders"]
[SourceDate "2020.09.07"]
[SourceVersion "1"]
[SourceVersionDate "2020.09.07"]
[SourceQuality "2"]

1. d4 d5 2. Nf3 e6 3. c4 Nf6 4. Bg5 h6 5. Bxf6 Qxf6 6. Nc3 Bb4 7. Qb3 Nc6 8. a3
Ba5 9. e3 O-O 10. cxd5 exd5 11. Bb5 Ne7 12. Qa4 Bb6 13. Bd7 c6 14. Bxc8 Raxc8
15. O-O Ng6 16. Rac1 Qe6 17. Qb3 Rb8 18. Na4 Bc7 19. Nc5 Qe7 20. Qd3 Bd6 21.
Qf5 Rfe8 22. Rc3 Nf8 23. Rfc1 Rbd8 24. g3 Nh7 25. Kg2 g6 26. Qc2 Kg7 27. Qa4 a6
28. Qb3 Rb8 29. Qd1 Ng5 30. h4 Nh7 31. Nd3 Nf6 32. Nc5 Ng4 33. Qc2 h5 34. Re1
Nf6 35. Ng5 Rbd8 36. Qd1 Kg8 37. Qf3 Kg7 38. Rec1 Rb8 39. Nh3 Rbd8 40. Nf4 Rb8
41. Nh3 Ng4 42. Ng5 Nh6 43. Nh3 Rbd8 44. Nf4 Qf6 45. Nh3 Nf5 46. Nf4 Kg8 47.
Rb3 Bxc5 48. Rxc5 Nd6 49. Rc2 Kg7 50. Nd3 Qe7 51. Ne5 Rc8 52. Rbc3 Ne4 53. Rb3
c5 54. Qe2 c4 55. Rb4 Nd6 56. b3 f6 57. Nxc4 dxc4 58. bxc4 Rc7 59. c5 Nb5 60.
a4 Na7 61. Qf3 Nc6 62. Rb6 Qf7 63. Rcb2 Rd8 64. Qe4 Qc4 65. Qc2 Qd5+ 66. f3 Na5
67. R6b4 b6 {(Unreliable score)} 0-1

[Event "GBR-ch71"]
[Site "Brighton"]
[Date "1984.08.03"]
[Round "5"]
[White "King, Daniel J"]
[Black "Hawkes, Robert"]
[Result "1-0"]
[WhiteElo "2435"]
[BlackElo "2365"]
[PlyCount "75"]
[EventDate "1984.07.30"]
[EventType "swiss"]
[EventRounds "11"]
[EventCountry "GBR"]
[SourceTitle "BritBase"]
[Source "John Saunders"]
[SourceDate "2020.09.07"]
[SourceVersion "1"]
[SourceVersionDate "2020.09.07"]
[SourceQuality "2"]

1. Nf3 g6 2. e4 Bg7 3. d4 d6 4. Nc3 a6 5. a4 Nf6 6. Bc4 O-O 7. e5 dxe5 8. Nxe5
Nbd7 9. O-O c5 10. Nxd7 Qxd7 11. d5 Qc7 12. Re1 Bf5 13. h3 b6 14. g4 Bc8 15.
Qf3 Ra7 16. Bf4 Qd7 17. Re3 Rd8 18. Rae1 Bf8 19. Be5 Ne8 20. Ne4 Bg7 21. Bxg7
Kxg7 22. a5 b5 23. Nxc5 Qc7 24. Rxe7 Qxe7 25. Rxe7 Rxe7 26. Bb3 Nd6 27. Qc3+
Kg8 28. Qf6 Ree8 29. f3 Nb7 30. Ne4 Nxa5 31. Qc3 Nxb3 32. Nf6+ Kf8 33. Nxe8 $18
Nc1 34. Qh8+ Ke7 35. Qe5+ Kf8 36. d6 Ne2+ 37. Kf2 f5 38. Qe7+ 1-0

[Event "GBR-ch71"]
[Site "Brighton"]
[Date "1984.08.03"]
[Round "5"]
[White "Kosten, Anthony C"]
[Black "Arkell, Keith C"]
[Result "1/2-1/2"]
[WhiteElo "2420"]
[BlackElo "2345"]
[PlyCount "127"]
[EventDate "1984.07.30"]
[EventType "swiss"]
[EventRounds "11"]
[EventCountry "GBR"]
[SourceTitle "BritBase"]
[Source "John Saunders"]
[SourceDate "2020.09.07"]
[SourceVersion "1"]
[SourceVersionDate "2020.09.07"]
[SourceQuality "2"]

1. e4 c6 2. d4 d5 3. exd5 cxd5 4. c4 Nf6 5. Nc3 g6 6. Qb3 Bg7 7. cxd5 O-O 8.
Be2 Nbd7 9. Bf3 Nb6 10. Bg5 a5 11. Nge2 Qd6 12. a3 a4 13. Qb5 Bd7 14. Qc5 Rfc8
15. Qxd6 exd6 16. O-O Nc4 17. h3 h6 18. Bc1 Ra6 19. Na2 Na5 20. Nb4 Rb6 21. Be3
Nc4 22. Rac1 Nxb2 23. Rxc8+ Bxc8 24. Rc1 Bf5 25. Ng3 Nd3 26. Rb1 Nxb4 27. Nxf5
gxf5 28. axb4 Ra6 29. b5 Ra8 30. Ra1 Ra5 31. Bd2 Rxb5 32. Rxa4 Nxd5 33. Ra8+
Kh7 34. Be3 Ne7 35. g4 Bf6 36. Rd8 fxg4 37. hxg4 d5 38. Rd6 Kg6 39. Be2 Rb4 40.
Bf4 Nc8 41. Rxd5 Rxd4 42. Rxd4 Bxd4 43. Kg2 Ne7 44. Bd6 Nc8 45. Ba3 Nb6 46. f4
Nd5 47. Kf3 Nc3 48. Bd3+ Kg7 49. Bb2 Nb5 50. Bxb5 Bxb2 51. Ke4 Kf6 52. Bc4 Kg6
53. Kd5 Bc1 54. Bd3+ Kg7 55. Ke4 b6 56. Bc4 Kg6 57. Bd3 Kf6 58. Bc4 Ke7 59. Kf5
f6 60. Be2 Kd6 61. Kxf6 Bxf4 62. Kf5 Bg5 63. Ke4 Kc5 64. Kd3 1/2-1/2

[Event "GBR-ch71"]
[Site "Brighton"]
[Date "1984.08.03"]
[Round "5"]
[White "Levene, Mark"]
[Black "Watts, David"]
[Result "1/2-1/2"]
[WhiteElo "2205"]
[BlackElo "2240"]
[PlyCount "81"]
[EventDate "1984.07.30"]
[EventType "swiss"]
[EventRounds "11"]
[EventCountry "GBR"]
[SourceTitle "BritBase"]
[Source "John Saunders"]
[SourceDate "2020.09.07"]
[SourceVersion "1"]
[SourceVersionDate "2020.09.07"]
[SourceQuality "2"]

1. e4 c5 2. Nf3 d6 3. d4 cxd4 4. Nxd4 Nf6 5. Nc3 g6 6. Be2 Bg7 7. Be3 O-O 8.
O-O a6 9. f4 Nbd7 10. h3 Qc7 11. g4 e5 12. Nb3 exf4 13. Bxf4 Qb6+ 14. Kh1 Ne8
15. Bg5 Ndf6 16. Qd2 Be6 17. Bh6 Rc8 18. Bxg7 Kxg7 19. Bf3 Rc4 20. Nd5 Bxd5 21.
exd5 Nd7 22. c3 Ne5 23. Nd4 Qd8 24. Be2 Rc5 25. Rxf7+ Kxf7 26. Rf1+ Nf6 27. Ne6
Qe7 28. g5 Kg8 29. Nxf8 Ne4 30. Qf4 Nxg5 31. Ne6 Nxe6 32. dxe6 Rc8 33. Bf3 Rf8
34. Qe4 b5 35. Bg2 Rxf1+ 36. Bxf1 Qxe6 37. Qa8+ Kg7 38. Qxa6 Qd5+ 39. Bg2 Qd1+
40. Kh2 Qd2 41. Qxb5 1/2-1/2

[Event "GBR-ch71"]
[Site "Brighton"]
[Date "1984.08.03"]
[Round "5"]
[White "Mithrakanth, Poorna Sharma"]
[Black "Hasan, Younus"]
[Result "0-1"]
[WhiteElo "2365"]
[BlackElo "2290"]
[PlyCount "91"]
[EventDate "1984.07.30"]
[EventType "swiss"]
[EventRounds "11"]
[EventCountry "GBR"]
[SourceTitle "BritBase"]
[Source "John Saunders"]
[SourceDate "2020.09.07"]
[SourceVersion "1"]
[SourceVersionDate "2020.09.07"]
[SourceQuality "2"]

1. e4 c5 2. Nf3 e6 3. d4 cxd4 4. Nxd4 a6 5. Bd3 Nc6 6. c3 Qc7 7. O-O Nf6 8. Kh1
Be7 9. f4 d6 10. Be3 Bd7 11. Nd2 Rc8 12. Qe2 h5 13. N2f3 Ng4 14. Bg1 Bf6 15.
Nxc6 Bxc6 16. Nd4 Bd7 17. a4 e5 18. fxe5 Bxe5 19. Nf5 g6 20. Ne3 Nxe3 21. Bxe3
Be6 22. a5 Qe7 23. Ra4 Qh4 24. Bg1 g5 25. Qf2 Qxf2 26. Bxf2 f6 27. Bd4 Ke7 28.
Rb4 Rc7 29. Bb6 Rc6 30. Be3 Rc7 31. Bc2 Rg8 32. Bb3 Bxb3 33. Rxb3 Ke6 34. Kg1
Rc4 35. Rxb7 Rxe4 36. Bc1 Ra4 37. c4 Rxc4 38. b4 Rgc8 39. Be3 Re4 40. Bf2 Re2
41. b5 axb5 42. a6 Rcc2 43. a7 Rxf2 44. Re1 Rxg2+ 45. Kh1 Rxh2+ 46. Kg1 0-1

[Event "GBR-ch71"]
[Site "Brighton"]
[Date "1984.08.03"]
[Round "5"]
[White "O'Hara, Michael J"]
[Black "Thomas, Nicholas A"]
[Result "1/2-1/2"]
[WhiteElo "2215"]
[BlackElo "2040"]
[PlyCount "62"]
[EventDate "1984.07.30"]
[EventType "swiss"]
[EventRounds "11"]
[EventCountry "GBR"]
[SourceTitle "BritBase"]
[Source "John Saunders"]
[SourceDate "2020.09.07"]
[SourceVersion "1"]
[SourceVersionDate "2020.09.07"]
[SourceQuality "2"]

1. e4 e6 2. c4 c5 3. Nc3 Nc6 4. g3 g6 5. Bg2 Bg7 6. Nge2 Nge7 7. d3 d6 8. O-O
O-O 9. Be3 Nd4 10. Rb1 f5 11. f4 Rb8 12. a3 a6 13. b4 b6 14. bxc5 dxc5 15. e5
g5 16. Bxd4 cxd4 17. Na2 Bb7 18. Bxb7 Rxb7 19. Nb4 a5 20. Nc2 Nc6 21. Rb5 Qd7
22. Qa1 gxf4 23. gxf4 Bh6 24. Qe1 Kh8 25. Qh4 Rg8+ 26. Kf2 Bf8 27. Rg1 Rxg1 28.
Nxg1 Ne7 29. Nf3 Ng6 30. Qg5 Be7 31. Qh6 Bf8 1/2-1/2

[Event "GBR-ch71"]
[Site "Brighton"]
[Date "1984.08.03"]
[Round "5"]
[White "Parameswaran, Tiruchi N"]
[Black "Plaskett, H James"]
[Result "0-1"]
[WhiteElo "2365"]
[BlackElo "2470"]
[PlyCount "106"]
[EventDate "1984.07.30"]
[EventType "swiss"]
[EventRounds "11"]
[EventCountry "GBR"]
[SourceTitle "BritBase"]
[Source "John Saunders"]
[SourceDate "2020.09.07"]
[SourceVersion "1"]
[SourceVersionDate "2020.09.07"]
[SourceQuality "2"]

1. d4 Nf6 2. Nf3 e6 3. e3 b6 4. Be2 Bb7 5. O-O d5 6. b3 Bd6 7. Nbd2 O-O 8. Bb2
Nbd7 9. c4 c5 10. dxc5 bxc5 11. Qc2 Qc7 12. h3 Rfe8 13. Rfd1 a5 14. a4 Rad8 15.
Rac1 Qb6 16. cxd5 exd5 17. Bb5 Re7 18. Nd4 g6 19. N4f3 Rc8 20. Qb1 Bb8 21. Qa1
h6 22. Rc2 Kh7 23. Rdc1 Re6 24. Qa3 Bd6 25. Qa1 Bf8 26. Nf1 Nb8 27. Ne5 Rc7 28.
Nh2 Ba6 29. Nhg4 Ng8 30. Nd3 h5 31. Nge5 Bxb5 32. axb5 Qxb5 33. Nf4 Rd6 34. Nf3
f6 35. Bd4 Nd7 36. Ra2 Qb6 37. Qb1 Ne7 38. Nxg6 Nxg6 39. Nh4 f5 40. Qxf5 cxd4
41. Qf7+ Kh8 42. Rxc7 Nge5 43. Qf5 Qxc7 44. exd4 Qc1+ 45. Kh2 Rf6 46. Qxh5+ Rh6
47. Qf5 Rxh4 48. dxe5 Qf4+ 49. Qxf4 Rxf4 50. Rxa5 d4 51. Rd5 Nc5 52. Kg3 Ne6
53. f3 Rf7 0-1

[Event "GBR-ch71"]
[Site "Brighton"]
[Date "1984.08.03"]
[Round "5"]
[White "Short, Nigel David"]
[Black "Carr, Neil L"]
[Result "1-0"]
[WhiteElo "2510"]
[BlackElo "2310"]
[PlyCount "141"]
[EventDate "1984.07.30"]
[EventType "swiss"]
[EventRounds "11"]
[EventCountry "GBR"]
[SourceTitle "BritBase"]
[Source "John Saunders"]
[SourceDate "2020.09.07"]
[SourceVersion "1"]
[SourceVersionDate "2020.09.07"]
[SourceQuality "2"]

1. e4 d6 2. d4 Nf6 3. Nc3 g6 4. g3 Bg7 5. Bg2 O-O 6. Nge2 Nbd7 7. O-O c5 8. Re1
Rb8 9. a4 b6 10. h3 Bb7 11. g4 cxd4 12. Nxd4 Nc5 13. Bg5 Ne6 14. Be3 Nd7 15.
Nd5 Ne5 16. b3 Nc6 17. Nxc6 Bxc6 18. Ra2 Nc5 19. Bg5 f6 20. Bc1 e6 21. Nf4 e5
22. Nd5 Ne6 23. Be3 Nc7 24. Nb4 Ba8 25. Qd3 Qd7 26. a5 bxa5 27. Na6 Nxa6 28.
Qxa6 f5 29. Rxa5 fxg4 30. Qc4+ d5 31. exd5 gxh3 32. Rxa7 Qf5 33. Be4 Qg4+ 34.
Kh1 Rbc8 35. Qa4 Rcd8 36. Rg1 Qxe4+ 37. Qxe4 Bxd5 38. Rg4 Bxe4+ 39. Rxe4 Rc8
40. c4 Rb8 41. Ra3 Rf7 42. c5 Rfb7 43. c6 Rc7 44. Rc4 Bf8 45. Ra7 Bd6 46. Rxc7
Bxc7 47. Ra4 Bd6 48. b4 Kf7 49. b5 Ke6 50. b6 Kd5 51. c7 Re8 52. Kh2 Kc6 53.
Kxh3 h5 54. Ra1 Rg8 55. Rc1+ Kb7 56. Rd1 Kc6 57. Bg5 Ra8 58. Kg2 Bxc7 59. bxc7
Kxc7 60. Rd5 Re8 61. Bf6 e4 62. Bd4 Kc6 63. Ra5 Re6 64. Kg3 Kd7 65. Kf4 Rd6 66.
Kxe4 Ke6 67. Ra7 Rd7 68. Rxd7 Kxd7 69. Ke5 Ke7 70. Be3 Kf7 71. Bg5 1-0

[Event "GBR-ch71"]
[Site "Brighton"]
[Date "1984.08.03"]
[Round "5"]
[White "Vaidya, Arun B"]
[Black "Chandler, Murray G"]
[Result "0-1"]
[WhiteElo "2370"]
[BlackElo "2540"]
[PlyCount "64"]
[EventDate "1984.07.30"]
[EventType "swiss"]
[EventRounds "11"]
[EventCountry "GBR"]
[SourceTitle "BritBase"]
[Source "John Saunders"]
[SourceDate "2020.09.07"]
[SourceVersion "1"]
[SourceVersionDate "2020.09.07"]
[SourceQuality "2"]

1. e4 c5 2. Nf3 d6 3. d4 Nf6 4. Nc3 cxd4 5. Nxd4 a6 6. Be2 e5 7. Nb3 Be7 8. O-O
O-O 9. a4 Be6 10. Be3 Nbd7 11. f4 exf4 12. Rxf4 Ne5 13. Nd5 Ng6 14. Rf1 Nxe4
15. Qd4 Bg5 16. Nb6 Bxe3+ 17. Qxe3 Rb8 18. a5 Nf6 19. Rad1 Re8 20. Qd2 Ne4 21.
Qe3 Bxb3 22. Qxb3 Nf6 23. Bc4 Ne5 24. Qb4 Nxc4 25. Nxc4 d5 26. Nb6 Re5 27. Qc5
Qf8 28. Qc7 Rbe8 29. Qxb7 Qc5+ 30. Kh1 Qxc2 31. h3 Rg5 32. Rg1 Rxg2 0-1

[Event "GBR-ch71"]
[Site "Brighton"]
[Date "1984.08.03"]
[Round "5"]
[White "Waddingham, Graham A"]
[Black "Freeman, Richard CP"]
[Result "1/2-1/2"]
[WhiteElo "2215"]
[BlackElo "2095"]
[PlyCount "82"]
[EventDate "1984.07.30"]
[EventType "swiss"]
[EventRounds "11"]
[EventCountry "GBR"]
[SourceTitle "BritBase"]
[Source "John Saunders"]
[SourceDate "2020.09.07"]
[SourceVersion "1"]
[SourceVersionDate "2020.09.07"]
[SourceQuality "2"]

1. e4 c5 2. Nc3 Nc6 3. f4 g6 4. Nf3 Bg7 5. g3 e6 6. Bg2 Nge7 7. O-O O-O 8. d3
Rb8 9. Be3 d6 10. Qd2 b5 11. d4 b4 12. Ne2 Ba6 13. Rfd1 Qa5 14. a3 Bxe2 15.
Qxe2 cxd4 16. Bf2 b3 17. Rac1 Qa4 18. Ne1 Rfc8 19. cxb3 Rxb3 20. Nd3 Rcb8 21.
Qc2 Qb5 22. Bf1 Qb7 23. Nb4 Rxb4 24. axb4 Qxb4 25. Rb1 Qb7 26. b4 Nxb4 27. Qa4
Nec6 28. Rdc1 a5 29. e5 d5 30. Rc5 Bf8 31. Rb5 Qa7 32. Be1 Rxb5 33. Bxb5 Qc5
34. Bf2 Qc3 35. Bxc6 Nxc6 36. Rb6 Nb4 37. Rb8 Qc5 38. Kg2 Nd3 39. Bxd4 Qc4 40.
Qe8 Ne1+ 41. Kf2 Qxd4+ 1/2-1/2

[Event "GBR-ch71"]
[Site "Brighton"]
[Date "1984.08.03"]
[Round "5"]
[White "Yeo, Michael J"]
[Black "Bellin, Robert"]
[Result "0-1"]
[WhiteElo "2205"]
[BlackElo "2370"]
[PlyCount "121"]
[EventDate "1984.07.30"]
[EventType "swiss"]
[EventRounds "11"]
[EventCountry "GBR"]
[SourceTitle "BritBase"]
[Source "John Saunders"]
[SourceDate "2020.09.07"]
[SourceVersion "1"]
[SourceVersionDate "2020.09.07"]
[SourceQuality "2"]

1. e4 c5 2. Nf3 d6 3. d4 cxd4 4. Nxd4 Nf6 5. Nc3 Nc6 6. Bg5 e6 7. Qd2 a6 8.
O-O-O Bd7 9. f4 Be7 10. Nf3 b5 11. Bxf6 gxf6 12. f5 Qb6 13. Kb1 O-O-O 14. Bd3
Kb8 15. Ne2 Bc8 16. Nf4 Ne5 17. Rhf1 d5 18. exd5 Nxd3 19. Qxd3 e5 20. Ne2 Bb7
21. Qe4 Qc5 22. c4 Qxc4 23. Qxc4 bxc4 24. Nc3 Bb4 25. Ne4 Be7 26. Nc3 Rhg8 27.
Ne1 Bb4 28. Ne4 Bxd5 29. Nxf6 Be4+ 30. Kc1 Rxd1+ 31. Kxd1 Rd8+ 32. Ke2 Bc6 33.
Nf3 c3 34. bxc3 Bb5+ 35. Kf2 Bc5+ 36. Ke1 Bxf1 37. Kxf1 Be7 38. Nxh7 f6 39. h4
Rh8 40. Nhg5 fxg5 41. Nxe5 Kc7 42. Ng6 Rh7 43. Nxe7 Rxe7 44. hxg5 Rg7 45. g6
Kd6 46. g4 Ke5 47. Kg2 Kf4 48. Kh3 Kg5 49. Kg3 Rc7 50. Kf3 Kf6 51. Ke4 Rc4+ 52.
Kd5 Rxc3 53. a4 a5 54. Kd6 Rc4 55. g5+ Kxf5 56. g7 Rc8 57. Kd7 Rg8 58. Kc6 Ke6
59. Kb6 Kd6 60. Kxa5 Kc6 61. Ka6 0-1